[Event "Gibraltar Open"]
[Site "Caleta ENG"]
[Date "2012.01.25"]
[Round "2.116"]
[White "Fransson, Angelina"]
[Black "Gallach Perez, Yago"]
[Result "1-0"]
[WhiteElo "1967"]
[BlackElo "1843"]
[WhiteFideId "1712632"]
[BlackFideId "2237598"]
[EventDate "2012.01.24"]

1. e4 c5 2. d3 Nc6 3. g3 g6 4. Bg2 Bg7 5. f4 d6 6. Nf3 e5 7. O-O Nge7 8. c3 O-O
9. Be3 f5 10. fxe5 fxe4 11. exd6 Nf5 12. Bg5 Qxd6 13. dxe4 Qxd1 14. Rxd1 Nfe7
15. Nbd2 Be6 16. Re1 h6 17. Be3 b6 18. Bf1 Kh7 19. Kg2 Na5 20. Bd3 Rad8 21. Bc2
Nec6 22. Re2 Rf7 23. Bf4 Nc4 24. Nxc4 Bxc4 25. Rf2 Re7 26. h4 Ne5 27. b3 Ng4 28.
bxc4 Nxf2 29. Kxf2 Bxc3 30. Rd1 Rxd1 31. Bxd1 Rxe4 32. Be2 Kg7 33. Bd3 Re6 34.
g4 Re8 35. h5 g5 36. Bd2 Bxd2 37. Nxd2 Kf6 38. a4 Ke5 39. Ke3 a6 40. Bf5 Rd8 41.
Nf3+ Kf6 42. Ke4 Rd1 43. Bc8 Ra1 44. Bxa6 Rxa4 45. Bb5 Ra2 46. Bd7 Rb2 47. Kd5
Rf2 48. Ne1 Re2 49. Nd3 Rd2 50. Bf5 Ra2 51. Kc6 Rc2 52. Ne5 Kxe5 53. Bxc2 Kd4
54. Bb3 Kc3 55. Ba2 Kb2 56. Kxb6 1-0

[Event "Gibraltar Open"]
[Site "Caleta ENG"]
[Date "2012.01.25"]
[Round "2.117"]
[White "Becking, Franz Josef"]
[Black "Chidi, Lovinia Sylvia"]
[Result "1-0"]
[WhiteElo "1956"]
[BlackElo "1821"]
[WhiteFideId "4632540"]
[BlackFideId "1270574"]
[EventDate "2012.01.24"]

1. d4 d5 2. Bf4 e6 3. e3 Bd6 4. Bg3 c6 5. c3 Nf6 6. Bd3 Qc7 7. Nd2 a6 8. Ngf3
Nbd7 9. c4 h6 10. Rc1 dxc4 11. Nxc4 Bxg3 12. hxg3 Rf8 13. Rh4 Ng8 14. Nfe5 Ngf6
15. g4 Nb6 16. Qf3 Nxc4 17. Bxc4 Bd7 18. Kf1 Qb6 19. b3 Qb4 20. Rc2 Qe7 21. g3
O-O-O 22. Bxa6 Nd5 23. Be2 Qa3 24. Nd3 f5 25. gxf5 Rxf5 26. Qe4 Nf6 27. Qg2 Nd5
28. Kg1 Ne7 29. Ne5 Rxe5 30. dxe5 Qa5 31. Qe4 Qe1+ 32. Kg2 Rf8 33. Bf3 Kd8 34.
Qb4 Qxb4 35. Rxb4 Kc7 36. Rf4 Rd8 37. Be4 1-0

[Event "Gibraltar Open"]
[Site "Caleta ENG"]
[Date "2012.01.25"]
[Round "2.119"]
[White "Johnsen, Kjell Magne"]
[Black "Rough, Robert E"]
[Result "1-0"]
[WhiteElo "1950"]
[BlackElo "1762"]
[WhiteFideId "1505319"]
[BlackFideId "2403030"]
[EventDate "2012.01.24"]

1. d4 Nf6 2. c4 d5 3. cxd5 Qxd5 4. Nc3 Qd8 5. e4 e5 6. Nf3 exd4 7. Qxd4 Qxd4 8.
Nxd4 c6 9. Bg5 Nbd7 10. O-O-O h6 11. Bh4 Bb4 12. Nf5 O-O 13. f3 Kh7 14. g4 Ne5
15. Be2 Bxf5 16. gxf5 Bc5 17. Bg3 Rfe8 18. Kc2 Ned7 19. Bc4 Kg8 20. Be2 Rad8 21.
Rd3 Nb6 22. b3 Rxd3 23. Bxd3 Nh5 24. Ne2 Nxg3 25. hxg3 Nd7 26. Nf4 Nf6 27. Bc4
b5 28. Be2 Bd4 29. Rd1 Be5 30. a4 a6 31. Bf1 Bc7 32. Ne2 Kf8 33. g4 Rd8 34.
Rxd8+ Bxd8 35. Nd4 c5 36. Nc6 Bc7 37. axb5 axb5 38. Bxb5 Bf4 39. Na5 Be3 40. Kd3
Bg1 41. Nb7 Nh7 42. Kc4 Ng5 43. Nxc5 Nxf3 44. Kd5 Nd4 45. Bd3 Nf3 46. b4 Ke7 47.
b5 Ne5 48. Be2 Nd7 49. Na4 Nf6+ 50. Kc6 Nxe4 51. b6 Bxb6 52. Nxb6 Kf6 53. Nc4
Nf2 54. Kd5 Nxg4 55. Bxg4 g6 56. fxg6 fxg6 57. Ke4 Kg5 58. Kf3 h5 59. Bh3 Kf6
60. Kg3 g5 61. Bc8 Kg6 62. Kf3 Kf6 63. Ke4 h4 64. Bd7 Kg6 65. Ke5 h3 66. Bxh3
Kh5 67. Ne3 Kh4 68. Be6 Kg3 69. Bg4 Kf2 70. Ke4 Kg3 71. Bf3 Kf2 72. Nf5 Ke1 73.
Nd6 Kd2 74. Nf7 Kc3 75. Nxg5 Kc4 76. Be2+ Kc5 77. Nf3 Kd6 78. Bc4 Kc5 79. Ne5
Kd6 80. Nd3 Ke7 81. Ke5 Kd7 82. Bd5 Ke7 83. Nc5 Kf8 84. Ne4 Ke7 85. Be6 Kf8 86.
Kf6 Ke8 87. Nd6+ Kf8 88. Bf5 Kg8 89. Nf7 Kf8 90. Ne5 Kg8 91. Nf7 Kf8 92. Bh7 Ke8
93. Ne5 Kd8 94. Ke6 Kc7 95. Nd7 Kc6 96. Bd3 Kc7 97. Bb5 Kd8 98. Kd6 Ke8 99. Bc4
Kd8 100. Bf7 Kc8 101. Nc5 Kd8 102. Nb7+ Kc8 103. Kc6 Kb8 104. Kb6 Kc8 105. Be6+
Kb8 106. Nc5 Ka8 107. Bd7 Kb8 108. Na6+ 1-0

[Event "Gibraltar Open"]
[Site "Caleta ENG"]
[Date "2012.01.25"]
[Round "2.121"]
[White "Kuenitz, Klaus"]
[Black "Frey, Matthias"]
[Result "1-0"]
[WhiteElo "1686"]
[BlackElo "1941"]
[WhiteFideId "4640713"]
[BlackFideId "1315030"]
[EventDate "2012.01.24"]

1. d4 Nf6 2. c4 g6 3. Nf3 Bg7 4. Nc3 O-O 5. Bf4 d6 6. e3 Nfd7 7. Be2 c6 8. O-O
e5 9. Bg3 f5 10. Qd2 g5 11. h3 e4 12. Ne1 f4 13. exf4 gxf4 14. Bxf4 Nf6 15. d5
c5 16. Nb5 Ne8 17. Bg5 Nf6 18. Nc2 Na6 19. Qf4 Nxd5 20. cxd5 Rxf4 21. Bxd8 Bd7
22. Be7 Bxb5 23. Bxb5 Bf8 24. Bxf8 1-0

[Event "Gibraltar Open"]
[Site "Caleta ENG"]
[Date "2012.01.25"]
[Round "2.122"]
[White "Patola, Eero"]
[Black "Savage, Neil"]
[Result "1-0"]
[WhiteElo "1939"]
[BlackElo "1645"]
[WhiteFideId "504092"]
[BlackFideId "14304783"]
[EventDate "2012.01.24"]

1. e4 c5 2. c4 g6 3. Nc3 Bg7 4. g3 Nc6 5. Bg2 e6 6. d3 Nge7 7. Nge2 d6 8. O-O
O-O 9. h3 a6 10. Rb1 Rb8 11. a4 Qc7 12. g4 Na7 13. f4 f5 14. Ng3 b5 15. exf5
bxc4 16. Be3 d5 17. d4 Nac6 18. Nge2 cxd4 19. Nxd4 Nxd4 20. Bxd4 Bxd4+ 21. Qxd4
gxf5 22. Ne2 Bd7 23. Ra1 Rb4 24. a5 Rfb8 25. Ra2 R8b5 26. Qf6 Qc5+ 27. Kh2 Nc6
28. gxf5 exf5 29. Bxd5+ 1-0

[Event "Gibraltar Open"]
[Site "Caleta ENG"]
[Date "2012.01.25"]
[Round "2.123"]
[White "Candano Gonzalez, Alvaro"]
[Black "Dimitrijevic, Dragan"]
[Result "1-0"]
[WhiteElo "1647"]
[BlackElo "1937"]
[WhiteFideId "22232796"]
[BlackFideId "822310"]
[EventDate "2012.01.24"]

1. e4 c5 2. d4 e6 3. Nf3 cxd4 4. c3 d3 5. c4 Nc6 6. Nc3 Nf6 7. Bxd3 d6 8. O-O
Be7 9. Bg5 O-O 10. a3 b6 11. Qc2 h6 12. Bf4 Bb7 13. Rfd1 Nd7 14. Rac1 Rc8 15.
Qd2 Na5 16. Qe2 a6 17. e5 dxe5 18. Nxe5 Nxe5 19. Bh7+ Kxh7 20. Rxd8 Rfxd8 21.
Bxe5 Nxc4 22. Bf4 Bf6 23. h3 b5 24. Rd1 g6 25. Rxd8 Rxd8 26. b3 Nxa3 27. Ne4
Bxe4 28. Qxe4 Rd4 29. Qf3 Bg7 30. Be3 Rd7 31. Qc6 Rd1+ 32. Kh2 Rb1 33. Qe8 Rxb3
34. Qxf7 Rd3 35. Bc5 Kh8 36. Qxg6 Rc3 37. Qe8+ Kh7 38. Qe7 Nc2 39. Bd6 Kh8 40.
Qe8+ Kh7 41. Qxe6 Nd4 42. Qe4+ Kg8 43. Qa8+ Kh7 44. Qb7 Kg8 45. Qxa6 Rc6 46.
Qa8+ Kh7 47. Bf4 Re6 48. Qb7 Ne2 49. Be3 Re5 50. g3 b4 51. Qxb4 h5 52. Qd2 Rxe3
53. Qxe3 Nc3 54. Qg5 1-0

[Event "Gibraltar Open"]
[Site "Caleta ENG"]
[Date "2012.01.26"]
[Round "3.6"]
[White "Koneru, Humpy"]
[Black "Laznicka, Viktor"]
[Result "1/2-1/2"]
[WhiteTitle "GM"]
[BlackTitle "GM"]
[WhiteElo "2589"]
[BlackElo "2704"]
[WhiteFideId "5008123"]
[BlackFideId "316385"]
[EventDate "2012.01.24"]

1. d4 d5 2. c4 c6 3. Nc3 Nf6 4. e3 a6 5. Qc2 b5 6. b3 Bg4 7. Be2 Bxe2 8. Ngxe2
e6 9. O-O Nbd7 10. e4 dxe4 11. Nxe4 Be7 12. Bf4 O-O 13. Rfd1 Nxe4 14. Qxe4 Qb6
15. Rac1 Rac8 16. h3 Rfe8 17. Be3 Qa5 18. Qc2 Ba3 19. Rb1 Bf8 20. Nc3 Nf6 21. a4
Bb4 22. Na2 Bd6 23. Bd2 Qd8 24. Nb4 a5 25. Nd3 Bb8 26. Be3 b4 27. Ne5 Nd7 28.
Nd3 Nf6 29. Ne5 Nd7 30. Nd3 Nf6 1/2-1/2

[Event "Gibraltar Open"]
[Site "Caleta ENG"]
[Date "2012.01.26"]
[Round "3.9"]
[White "Sargissian, Gabriel"]
[Black "Brunello, Sabino"]
[Result "0-1"]
[WhiteTitle "GM"]
[BlackTitle "GM"]
[WhiteElo "2683"]
[BlackElo "2581"]
[WhiteFideId "13300881"]
[BlackFideId "813613"]
[EventDate "2012.01.24"]

1. Nf3 d5 2. d4 Nf6 3. c4 c6 4. e3 Bf5 5. Nc3 e6 6. Nh4 Bg6 7. Nxg6 hxg6 8. Bd3
Nbd7 9. O-O Bd6 10. h3 Qe7 11. c5 Bc7 12. f4 Ng8 13. b4 a6 14. e4 dxe4 15. Nxe4
Ndf6 16. Ng5 Qd7 17. Bc4 Ne7 18. Be3 Nf5 19. Qd3 Rd8 20. Rad1 Nd5 21. Bxd5 Qxd5
22. a4 O-O 23. Nf3 Ng3 24. Rfe1 Qf5 25. Qxf5 Nxf5 26. Kf2 Rd5 27. g4 Ne7 28. Rb1
Rd7 29. Ne5 Bxe5 30. fxe5 Nd5 31. Bd2 f5 32. exf6 Nxf6 33. Ke3 Rfd8 34. Bc3 Nd5+
35. Kd3 Nxc3 36. Kxc3 Rxd4 37. b5 R4d5 38. Kb4 axb5 39. axb5 e5 40. Ra1 cxb5 41.
Kxb5 Rc8 42. Rac1 Kf7 43. Rc2 Ke6 44. h4 Ra8 45. h5 Ra3 46. hxg6 Rd4 47. Kb6
Rb4+ 48. Kc7 Ra6 49. g5 Rc6+ 50. Kb8 Kf5 51. Rf1+ Kxg6 52. Rd1 Kxg5 53. Rd6 e4
54. Rxc6 bxc6+ 55. Kc7 e3 56. Kxc6 Kf4 57. Kd5 Kf3 58. c6 Rb8 59. c7 Rc8 60. Rc3
Kf2 61. Rc4 g5 62. Rc6 e2 63. Rf6+ Ke3 0-1

[Event "Gibraltar Open"]
[Site "Caleta ENG"]
[Date "2012.01.26"]
[Round "3.12"]
[White "Shirov, Alexei"]
[Black "Muzychuk, Mariya"]
[Result "1-0"]
[WhiteTitle "GM"]
[BlackTitle "IM"]
[WhiteElo "2710"]
[BlackElo "2483"]
[WhiteFideId "2209390"]
[BlackFideId "14114550"]
[EventDate "2012.01.24"]

1. e4 c5 2. Nf3 Nc6 3. d4 cxd4 4. Nxd4 Nf6 5. Nc3 e5 6. Ndb5 d6 7. Bg5 a6 8. Na3
b5 9. Nd5 Be7 10. Bxf6 Bxf6 11. c4 b4 12. Nc2 a5 13. g3 Bg5 14. Bg2 O-O 15. O-O
Ne7 16. h4 Bh6 17. Nde3 Bxe3 18. Nxe3 Be6 19. Qd3 Qb6 20. Nf5 Bxf5 21. exf5 Rac8
22. Rad1 Rfd8 23. Rd2 f6 24. Rfd1 Kf8 25. g4 Nc6 26. g5 Nd4 27. Kh2 b3 28. gxf6
gxf6 29. Bd5 bxa2 30. Qg3 Rd7 31. Rxd4 Qxd4 32. Rxd4 a1=Q 33. Rg4 Ke7 34. Rg7+
Kd8 35. Rxd7+ Kxd7 36. Qg7+ Kd8 37. Qf8+ 1-0

[Event "Gibraltar Open"]
[Site "Caleta ENG"]
[Date "2012.01.26"]
[Round "3.14"]
[White "Cramling, Pia"]
[Black "Lupulescu, Constantin"]
[Result "1/2-1/2"]
[WhiteTitle "GM"]
[BlackTitle "GM"]
[WhiteElo "2491"]
[BlackElo "2648"]
[WhiteFideId "1700030"]
[BlackFideId "1207822"]
[EventDate "2012.01.24"]

1. d4 Nf6 2. Nf3 e6 3. c4 d5 4. Nc3 Bb4 5. cxd5 exd5 6. Bg5 h6 7. Bxf6 Qxf6 8.
Qb3 Qb6 9. Rc1 c6 10. a3 Ba5 11. Qc2 Qd8 12. g3 O-O 13. Bg2 Bc7 14. O-O Bd6 15.
Rfd1 Re8 16. e4 dxe4 17. Nxe4 Bf5 18. Re1 Nd7 19. Nh4 Bxe4 20. Rxe4 Rxe4 21.
Bxe4 Nf6 22. Rd1 Qa5 23. Bf3 Rd8 24. Nf5 Qc7 25. Ne3 g6 26. Ng4 Nxg4 27. Bxg4
Bf8 28. Bf3 Qd6 29. b4 Qf6 30. Qe4 Kg7 31. Kg2 Rd7 32. Qe3 Qe7 33. Qc3 Kg8 34.
d5 c5 35. d6 Rxd6 36. Qxc5 Rxd1 37. Qxe7 Bxe7 38. Bxd1 Bf6 1/2-1/2

[Event "Gibraltar Open"]
[Site "Caleta ENG"]
[Date "2012.01.26"]
[Round "3.19"]
[White "Adler, Bo"]
[Black "Fier, Alexandr"]
[Result "0-1"]
[BlackTitle "GM"]
[WhiteElo "2167"]
[BlackElo "2603"]
[WhiteFideId "1702149"]
[BlackFideId "2107139"]
[EventDate "2012.01.24"]

1. d4 Nf6 2. c4 g6 3. Nc3 Bg7 4. e4 O-O 5. f4 d6 6. Nf3 c5 7. d5 e6 8. Be2 exd5
9. exd5 Bd7 10. O-O b5 11. cxb5 a6 12. b6 Qxb6 13. Nd2 Bb5 14. Bc4 Nbd7 15. a4
Bxc4 16. a5 Qc7 17. Nxc4 Rfe8 18. Qf3 Rab8 19. Na4 Rb4 20. Nab6 Ne4 21. f5 Nxb6
22. Nxb6 Qe7 23. Bf4 gxf5 24. h3 Rxb2 25. Rae1 Bc3 26. Bc1 Bd4+ 27. Kh2 Rb1 28.
Qxf5 Qe5+ 29. Qxe5 Bxe5+ 30. Kg1 Ng3 31. Nc4 Nxf1 32. Kxf1 Re7 33. Nd2 Bg3 34.
Rxe7 Rxc1+ 35. Ke2 Re1+ 36. Kf3 Rxe7 37. Kxg3 Re5 38. Ne4 Rxe4 0-1

[Event "Gibraltar Open"]
[Site "Caleta ENG"]
[Date "2012.01.26"]
[Round "3.20"]
[White "Jussupow, Artur"]
[Black "Samu, Sorin-Mihai"]
[Result "1-0"]
[WhiteTitle "GM"]
[WhiteElo "2569"]
[BlackElo "2156"]
[WhiteFideId "4618777"]
[BlackFideId "1210165"]
[EventDate "2012.01.24"]

1. d4 d5 2. Nf3 Nf6 3. e3 Bf5 4. c4 e6 5. Qb3 b6 6. Bd3 Bxd3 7. Qxd3 Bd6 8. Nc3
O-O 9. e4 dxe4 10. Nxe4 Nxe4 11. Qxe4 Bb4+ 12. Ke2 Nd7 13. Rd1 Nf6 14. Qc6 Qd7
15. Ne5 Qxc6 16. Nxc6 Bd6 17. Be3 Rfe8 18. f4 Nd7 19. Rac1 Nb8 20. Ne5 f6 21.
Nd3 c6 22. c5 Bf8 23. Bd2 b5 24. Ba5 Nd7 25. a4 Rab8 26. axb5 Rxb5 27. b4 Rb7
28. Kf3 g6 29. g4 Bh6 30. Rc2 Bg7 31. Re2 Kf7 32. Nb2 Bf8 33. Nc4 Rbb8 34. Rde1
h6 35. f5 gxf5 36. gxf5 exf5 37. Rxe8 Rxe8 38. Rxe8 Kxe8 39. Kf4 a6 40. Kxf5 Be7
41. Bc7 Nf8 42. Bf4 h5 43. Bh6 Nd7 44. Na5 Bd8 45. Nxc6 Bc7 46. Bf4 Bxf4 47.
Kxf4 Kf7 48. Kf5 Nf8 49. d5 Ng6 50. Nd8+ Kg7 51. c6 h4 52. d6 1-0

[Event "Gibraltar Open"]
[Site "Caleta ENG"]
[Date "2012.01.26"]
[Round "3.23"]
[White "Osuna Vega, Enrique"]
[Black "Kosintseva, Nadezhda"]
[Result "1/2-1/2"]
[WhiteTitle "CM"]
[BlackTitle "GM"]
[WhiteElo "2122"]
[BlackElo "2537"]
[WhiteFideId "2219549"]
[BlackFideId "4134974"]
[EventDate "2012.01.24"]

1. e4 c5 2. Nf3 d6 3. d4 cxd4 4. Nxd4 Nf6 5. Nc3 Nc6 6. Bb5 Bd7 7. O-O e6 8. Re1
Be7 9. Bxc6 bxc6 10. e5 dxe5 11. Nf3 Nd5 12. Nxe5 Qc7 13. Nxd5 cxd5 14. c4 dxc4
15. Bf4 Qb7 16. Qxd7+ Qxd7 17. Nxd7 Kxd7 18. Red1+ Kc6 19. Rac1 Rac8 20. Rxc4+
Kb5 21. Rxc8 Rxc8 22. Kf1 Rd8 23. Ke2 Rxd1 24. Kxd1 Kc6 25. Be3 a6 26. Kc2 e5
27. f3 f5 28. b3 Kd5 29. Kd3 g6 30. h3 Bb4 31. Bb6 e4+ 32. fxe4+ fxe4+ 33. Ke2
Bc3 34. Be3 Ke5 35. Bc1 Bd4 36. Bd2 Kd5 37. Bb4 Kc6 38. Bd2 Kb5 39. Be1 Bc5 40.
Bd2 Be7 41. Be1 Bg5 42. Bc3 Kc5 43. Kf2 Bd8 44. Ke3 Kd5 45. Ke2 Bb6 46. Be1 Bg1
47. Bc3 Bd4 48. Bb4 Bf6 49. Ba3 Bd4 50. Bc1 Bc3 51. Be3 h5 52. Bh6 Bd4 53. Bd2
Kc5 54. Bc1 Kd6 55. Bf4+ Kc5 56. Bd2 Bf6 57. Be1 Kd4 58. Ba5 Be7 59. Be1 Bd8 60.
Bd2 Bc7 61. Be1 Bf4 62. Bb4 Bc1 63. Be1 Ba3 64. Bd2 Bd6 65. Be1 g5 66. Bd2 g4
67. hxg4 hxg4 68. Be1 Bf4 1/2-1/2

[Event "Gibraltar Open"]
[Site "Caleta ENG"]
[Date "2012.01.26"]
[Round "3.24"]
[White "Dzagnidze, Nana"]
[Black "Compton, Alistair"]
[Result "1-0"]
[WhiteTitle "GM"]
[WhiteElo "2535"]
[BlackElo "2051"]
[WhiteFideId "13601903"]
[BlackFideId "4300645"]
[EventDate "2012.01.24"]

1. d4 e6 2. c4 d5 3. Nc3 c5 4. cxd5 exd5 5. Nf3 Nc6 6. g3 Nf6 7. Bg2 Be7 8. O-O
O-O 9. Bg5 c4 10. Ne5 Be6 11. b3 h6 12. Bf4 cxb3 13. Nxc6 bxc6 14. axb3 Bf5 15.
Ra6 Qd7 16. Qa1 Qb7 17. Qa4 Bd7 18. Ra1 Bb4 19. Bd2 c5 20. Qa2 cxd4 21. Nxd5
Nxd5 22. Bxb4 Qxb4 23. Bxd5 Bb5 24. Bxa8 Bxa6 25. Bc6 Bb5 26. Bxb5 Qxb5 27. Qxa7
Qxb3 28. Qxd4 Re8 29. e3 Qc2 30. Qd5 Rc8 31. Ra7 Qg6 32. h4 Qf6 33. Rd7 Rc2 34.
Qa8+ Kh7 35. Qe4+ Qg6 36. Qf3 Kg8 37. h5 Rc1+ 38. Kh2 Qg5 39. Qxf7+ Kh7 40. Rd5 1-0

[Event "Gibraltar Open"]
[Site "Caleta ENG"]
[Date "2012.01.26"]
[Round "3.25"]
[White "Huschenbeth, Niclas"]
[Black "Valhondo Morales, Ruben"]
[Result "1-0"]
[WhiteTitle "IM"]
[WhiteElo "2518"]
[BlackElo "2046"]
[WhiteFideId "24604747"]
[BlackFideId "22202692"]
[EventDate "2012.01.24"]

1. e4 c5 2. Nf3 d6 3. d4 cxd4 4. Nxd4 a6 5. c4 Nf6 6. Nc3 e6 7. Be2 Qc7 8. O-O
b6 9. Be3 Bb7 10. f3 Nbd7 11. Qd2 Be7 12. a4 O-O 13. a5 bxa5 14. Nb3 Rab8 15.
Nxa5 Ba8 16. Rfc1 h5 17. b4 h4 18. Nd5 exd5 19. cxd5 Qd8 20. Nc6 Bxc6 21. dxc6
Qc7 22. cxd7 Qxd7 23. Rxa6 d5 24. b5 Rxb5 25. Bxb5 Qxb5 26. Rb6 Qa4 27. exd5 Ba3
28. Ra1 Re8 29. Qd4 Qa5 30. Rb3 Rxe3 31. Qxe3 1-0

[Event "Gibraltar Open"]
[Site "Caleta ENG"]
[Date "2012.01.26"]
[Round "3.29"]
[White "Nabaty, Tamir"]
[Black "Soumya, Swaminathan"]
[Result "1-0"]
[WhiteTitle "GM"]
[BlackTitle "WGM"]
[WhiteElo "2563"]
[BlackElo "2280"]
[WhiteFideId "2809052"]
[BlackFideId "5016193"]
[EventDate "2012.01.24"]

1. Nf3 Nf6 2. g3 g6 3. Bg2 Bg7 4. O-O O-O 5. c4 d5 6. cxd5 Nxd5 7. Nc3 Nb6 8. d4
Nc6 9. Bf4 Nxd4 10. Nxd4 e5 11. Nc6 Qxd1 12. Ne7+ Kh8 13. Rfxd1 exf4 14. Nxc8
Raxc8 15. Bxb7 Rb8 16. Ba6 fxg3 17. hxg3 Rfd8 18. Rac1 c5 19. b3 Rxd1+ 20. Nxd1
Rd8 21. Bd3 Bf8 22. Kg2 f5 23. Ne3 Kg7 24. f4 h5 25. Kf3 Kf6 26. Nd1 Nd5 27. Nf2
Kg7 28. Bb5 Nf6 29. Nd3 Rb8 30. Bc6 Rc8 31. Bb7 Rc7 32. Ba6 Ne4 33. Ne5 Bd6 34.
Nc4 Be7 35. Rd1 Bf6 36. Nd6 Nxd6 37. Rxd6 Re7 38. Bd3 Rc7 39. Ra6 Bd4 40. e3 Bf6
41. Bc4 Bc3 42. Bd5 Bf6 43. a4 Rd7 44. Be6 Rc7 45. a5 Bc3 46. Bd5 Bf6 47. Rd6
Be7 48. Re6 Bf6 49. a6 Rd7 50. Bc4 Re7 51. Rc6 Bc3 52. Bd5 Bb4 53. e4 Rd7 54.
Ke2 Kh7 55. Ke3 Ba3 56. Bc4 fxe4 57. Kxe4 Re7+ 58. Kf3 Rd7 59. Bb5 Bb4 60. Re6
Rg7 61. Bd3 Bc3 62. g4 hxg4+ 63. Kxg4 Ba5 64. Rc6 Bc7 65. Be4 Kh6 66. f5 Be5 67.
Bc2 Bd4 68. Re6 Bc3 69. fxg6 Rd7 70. Re3 Rd4+ 71. Kf5 1-0

[Event "Gibraltar Open"]
[Site "Caleta ENG"]
[Date "2012.01.26"]
[Round "3.31"]
[White "Adrian, Claude"]
[Black "Berg, Emanuel"]
[Result "0-1"]
[WhiteTitle "IM"]
[BlackTitle "GM"]
[WhiteElo "2271"]
[BlackElo "2550"]
[WhiteFideId "601071"]
[BlackFideId "1704060"]
[EventDate "2012.01.24"]

1. Nf3 f5 2. d4 Nf6 3. g3 g6 4. Bg2 Bg7 5. b3 O-O 6. Bb2 d6 7. c4 Ne4 8. O-O Nc6
9. Nbd2 Nxd2 10. Qxd2 e5 11. dxe5 dxe5 12. Qd5+ Kh8 13. Qxd8 Rxd8 14. Rad1 Rxd1
15. Rxd1 e4 16. Bxg7+ Kxg7 17. Nd4 Nxd4 18. Rxd4 Be6 19. f3 Kf6 20. Kf2 Ke5 21.
Ke3 g5 22. f4+ gxf4+ 23. gxf4+ Kf6 24. Bh3 a5 25. a4 Ke7 26. Rd1 Ra6 27. Kd2 Bd7
28. Rg1 Rh6 29. Rg3 Kd6 30. Kc3 Kc5 31. e3 b6 32. Bg2 Rxh2 33. Rg5 Kd6 34. Bf1
Be6 35. Bg2 Ke7 36. b4 h6 37. Rg3 c5 38. bxc5 bxc5 39. Bf1 Kf6 40. Rh3 Rxh3 41.
Bxh3 Bd7 0-1

[Event "Gibraltar Open"]
[Site "Caleta ENG"]
[Date "2012.01.26"]
[Round "3.33"]
[White "Ikonnikov, Vyacheslav"]
[Black "Arvola, Benjamin"]
[Result "1-0"]
[WhiteTitle "GM"]
[WhiteElo "2531"]
[BlackElo "2261"]
[WhiteFideId "4100972"]
[BlackFideId "1506536"]
[EventDate "2012.01.24"]

1. d4 Nf6 2. c4 g6 3. Nc3 Bg7 4. e4 d6 5. Bd3 O-O 6. Nge2 c5 7. d5 e6 8. O-O
exd5 9. exd5 Nbd7 10. f4 a6 11. a4 Re8 12. h3 Rb8 13. Bd2 b5 14. axb5 axb5 15.
Nxb5 Rxb5 16. cxb5 Nxd5 17. Nc3 Nb4 18. Qf3 Qb6 19. Be4 Nf6 20. Bc6 Rd8 21. Na4
Qb8 22. Bxb4 cxb4 23. b6 d5 24. Rfd1 Be6 25. b7 Ne4 26. Nb6 Bf8 27. Nxd5 Bc5+
28. Kh2 Ng5 29. Qf1 Bxd5 30. Rxd5 Bd6 31. Ra8 Qc7 32. Rxd6 1-0

[Event "Gibraltar Open"]
[Site "Caleta ENG"]
[Date "2012.01.26"]
[Round "3.34"]
[White "Pavlovic, Milos"]
[Black "Loew, Gerald"]
[Result "0-1"]
[WhiteTitle "GM"]
[BlackTitle "FM"]
[WhiteElo "2531"]
[BlackElo "2251"]
[WhiteFideId "900389"]
[BlackFideId "4615875"]
[EventDate "2012.01.24"]

1. e4 c5 2. Nf3 g6 3. d4 cxd4 4. Nxd4 Bg7 5. c4 Nc6 6. Be3 Nf6 7. Nc3 d6 8. Be2
O-O 9. O-O Bd7 10. Nb3 a5 11. Nd2 Bc8 12. Ndb1 Nd7 13. Na3 Bxc3 14. bxc3 Nc5 15.
f3 Be6 16. Nc2 Qb6 17. Rb1 Qa6 18. Bxc5 dxc5 19. Ne3 Rad8 20. Qe1 Qa7 21. f4 f6
22. Nd5 Bf7 23. Bf3 Kg7 24. e5 fxe5 25. fxe5 Qb8 26. e6 Bg8 27. Qe3 Qd6 28. Rxb7
Bxe6 29. Rd1 Rf7 30. Rb6 Bd7 31. h4 Be8 32. h5 e6 33. h6+ Kf8 34. Qf2 exd5 35.
cxd5 Qe7 36. Rxc6 Bxc6 37. Re1 Qf6 38. dxc6 Qxc3 39. c7 Rc8 40. Rd1 Rcxc7 41.
Rd8+ Ke7 42. Rd1 Rd7 43. Qh4+ Kf8 44. Rxd7 Rxd7 45. Qf4+ Kg8 46. Qb8+ Kf7 47.
Qf4+ Qf6 48. Qc4+ Qe6 49. Qc3 Rd4 50. Qxa5 Qe3+ 51. Kf1 Qc1+ 52. Ke2 Qd1+ 53.
Ke3 Qd3+ 54. Kf2 Qd2+ 55. Qxd2 Rxd2+ 56. Ke3 Rd4 57. Bc6 Ke6 58. a4 Kd6 59. Bb5
Rh4 60. a5 Rxh6 61. a6 Rh1 62. Kf4 Kc7 63. Bd3 Kb6 0-1

[Event "Gibraltar Open"]
[Site "Caleta ENG"]
[Date "2012.01.26"]
[Round "3.35"]
[White "Al-Sayed, Mohammed"]
[Black "Vaarala, Eric"]
[Result "0-1"]
[WhiteTitle "GM"]
[WhiteElo "2524"]
[BlackElo "2238"]
[WhiteFideId "12100196"]
[BlackFideId "1711962"]
[EventDate "2012.01.24"]

1. d4 Nf6 2. c4 e6 3. Nc3 Bb4 4. Qc2 O-O 5. a3 Bxc3+ 6. Qxc3 b6 7. Bg5 h6 8. Bh4
Ba6 9. d5 Nc6 10. e3 Bb7 11. Bxf6 Qxf6 12. Qxf6 gxf6 13. Nf3 Ne7 14. Be2 Kh8 15.
Kd2 Rg8 16. g3 Nf5 17. Rhc1 Nd6 18. Ke1 Ne4 19. c5 Bc6 20. b4 b5 21. a4 a6 22.
axb5 axb5 23. Nd2 Rxa1 24. Rxa1 Nc3 25. Ra5 Rb8 26. Ra7 Ra8 27. Ra5 Rb8 28. Bf1
Nxd5 29. Nb1 Nxb4 30. Na3 Nd5 31. Nxb5 Bxb5 32. Rxb5 Rxb5 33. Bxb5 d6 34. Kd2
Kg7 35. Kd3 f5 36. Kc4 Kf8 37. Bc6 Nf6 38. f3 Ke7 39. Bb7 Nh7 40. h3 Ng5 41.
cxd6+ 0-1

[Event "Gibraltar Open"]
[Site "Caleta ENG"]
[Date "2012.01.26"]
[Round "3.37"]
[White "Rowe, Duane"]
[Black "Kanep, Meelis"]
[Result "0-1"]
[WhiteTitle "CM"]
[BlackTitle "GM"]
[WhiteElo "2236"]
[BlackElo "2509"]
[WhiteFideId "7400268"]
[BlackFideId "4501047"]
[EventDate "2012.01.24"]

1. e4 c5 2. Nc3 d6 3. f4 Nc6 4. Nf3 g6 5. Bb5 Bg7 6. O-O Bd7 7. a4 Nf6 8. d3 O-O
9. Bxc6 Bxc6 10. Qe1 e6 11. a5 b5 12. h3 Rb8 13. Be3 Nd7 14. Qg3 b4 15. Nd1 d5
16. Ne5 Qc7 17. Nxd7 Bxd7 18. Qh4 f5 19. e5 d4 20. Bf2 Rb5 21. b3 Rxa5 22. Nb2
Rxa1 23. Rxa1 Bb5 24. Qg4 Kf7 25. h4 h6 26. Qg3 Rb8 27. Qf3 Bc6 28. Qd1 Ra8 29.
Ra2 Qd7 30. Nc4 Bf8 31. Na5 Bd5 32. Qa1 Be7 33. Qd1 Rc8 34. Kf1 Ba8 35. Kg1 Qd5
36. Qf1 g5 37. Nc4 gxf4 38. Rxa7 Rg8 39. Rxa8 Qxa8 40. Kh2 Rg4 41. Kh3 Qd5 42.
Be1 Kg8 43. Bf2 Kh7 44. Qh1 Qd8 45. Qe1 Qg8 46. Qf1 Bxh4 0-1

[Event "Gibraltar Open"]
[Site "Caleta ENG"]
[Date "2012.01.26"]
[Round "3.38"]
[White "Lind, Jan-Olof"]
[Black "Gallagher, Joseph G."]
[Result "0-1"]
[BlackTitle "GM"]
[WhiteElo "2219"]
[BlackElo "2505"]
[WhiteFideId "1701193"]
[BlackFideId "1303422"]
[EventDate "2012.01.24"]

1. e4 c5 2. Nf3 d6 3. d4 cxd4 4. Nxd4 Nf6 5. Nc3 a6 6. Bg5 Nc6 7. Bxf6 gxf6 8.
Nb3 Rg8 9. Qh5 h6 10. f4 Bd7 11. Bc4 e6 12. Qf3 b5 13. Bd3 b4 14. Ne2 Qb6 15.
O-O-O a5 16. Nd2 a4 17. e5 d5 18. Kb1 fxe5 19. f5 e4 20. Bxe4 dxe4 21. Nxe4 Be7
22. fxe6 Bxe6 23. Nf4 Bg4 24. Qg3 b3 25. cxb3 axb3 26. a3 Kf8 27. Nd5 Bxd1 28.
Rxd1 Rxg3 29. Nxb6 Re3 0-1